| 000 | 00444nam a22001817a 4500 | ||
|---|---|---|---|
| 003 | NUST - PNEC | ||
| 005 | 20170116180842.0 | ||
| 008 | 150822b xxu||||| |||| 00| 0 eng d | ||
| 020 | _a0471626058 | ||
| 020 | _a0471098523 | ||
| 040 | _cLIBRARY | ||
| 082 | _a541.361 KUO | ||
| 100 |
_95402 _aKuo, Kenneth K. |
||
| 245 |
_aPrinciples of combustion _cKenneth K. Kuo |
||
| 260 | _cc1986. | ||
| 650 |
_95403 _aCombustion _xMe |
||
| 942 |
_2ddc _cBK |
||
| 999 |
_c64425 _d64425 |
||